[Event "DVM U12w 2024"]
[Site "Bad Homburg GER"]
[Date "2024.12.29"]
[Round "5"]
[White "Naz Öksüz, Meryem"]
[Black "Daaboul, Ulla"]
[Result "1-0"]
[Termination "normal"]
[Board "7.4"]
[WhiteElo "1296"]
[BlackElo "787"]
[WhiteClock "01:27:11"]
[BlackClock "01:30:04"]
[WhiteTeam "SK König Plauen"]
[BlackTeam "SG Porz 2"]
[PlyCount "67"]
[WhiteFideId "533025860"]
[BlackFideId "533025991"]
[EventCountry "GER"]
[EventRounds "7"]
[EventType "team-swiss"]
[EventDate "2024.12.26"]

1. e4 {[%clk 01:30:35]} {[%emt 00:00:25]} c5 {[%clk 01:30:55]} {[%emt
00:00:05]} 2. Nf3 {[%clk 01:30:52]} {[%emt 00:00:13]} d6 {[%clk 01:31:18]}
{[%emt 00:00:07]} 3. d4 {[%clk 01:30:33]} {[%emt 00:00:49]} cxd4 {[%clk
01:31:41]} {[%emt 00:00:07]} 4. Nxd4 {[%clk 01:30:50]} {[%emt 00:00:13]} Nc6
{[%clk 01:31:52]} {[%emt 00:00:21]} 5. Nc3 {[%clk 01:31:06]} {[%emt 00:00:14]}
g6 {[%clk 01:32:11]} {[%emt 00:00:11]} 6. Be3 {[%clk 01:30:17]} {[%emt
00:01:17]} Bg7 {[%clk 01:32:29]} {[%emt 00:00:12]} 7. Qd2 {[%clk 01:29:57]}
{[%emt 00:00:51]} a6 {[%clk 01:32:02]} {[%emt 00:00:57]} 8. O-O-O {[%emt
00:00:38]} Ne5 {[%clk 01:32:04]} {[%emt 00:00:02]} 9. h3 {[%clk 01:29:22]}
{[%emt 00:01:22]} Nc4 {[%clk 01:31:54]} {[%emt 00:00:40]} 10. Bxc4 {[%clk
01:29:34]} {[%emt 00:00:20]} b5 {[%clk 01:32:04]} {[%emt 00:00:19]} 11. Bd5
{[%clk 01:29:17]} {[%emt 00:00:45]} Rb8 {[%clk 01:31:58]} {[%emt 00:00:37]} 12.
Nc6 {[%clk 01:28:52]} {[%emt 00:00:54]} Qc7 {[%clk 01:31:32]} {[%emt 00:00:56]}
13. Nxb8 {[%clk 01:28:56]} {[%emt 00:00:26]} Qxb8 {[%clk 01:31:55]} {[%emt
00:00:09]} 14. Bc6+ {[%clk 01:28:25]} {[%emt 00:01:02]} Bd7 {[%clk 01:31:53]}
{[%emt 00:00:31]} 15. Bxd7+ {[%clk 01:28:18]} {[%emt 00:00:35]} Kxd7 {[%clk
01:32:18]} {[%emt 00:00:07]} 16. Bd4 {[%clk 01:27:55]} {[%emt 00:00:52]} Bh6
{[%clk 01:32:28]} {[%emt 00:00:20]} 17. f4 {[%clk 01:28:06]} {[%emt 00:00:20]}
Nf6 {[%clk 01:32:20]} {[%emt 00:00:39]} 18. e5 {[%clk 01:28:09]} {[%emt
00:00:25]} dxe5 {[%clk 01:32:12]} {[%emt 00:00:38]} 19. Bxe5+ {[%clk 01:28:26]}
{[%emt 00:00:13]} Kc8 {[%clk 01:32:07]} {[%emt 00:00:35]} 20. Bxb8 {[%clk
01:28:41]} {[%emt 00:00:15]} Kxb8 {[%clk 01:32:27]} {[%emt 00:00:13]} 21. Qf2
{[%clk 01:28:07]} {[%emt 00:00:49]} Kc8 {[%clk 01:29:41]} {[%emt 00:03:27]} 22.
Qc5+ {[%clk 01:27:14]} {[%emt 00:01:23]} Kb7 {[%clk 01:29:49]} {[%emt
00:00:25]} 23. Qxe7+ {[%clk 01:27:09]} {[%emt 00:00:35]} Kb8 {[%clk 01:29:56]}
{[%emt 00:00:23]} 24. Rd8+ {[%clk 01:26:59]} {[%emt 00:00:40]} Rxd8 {[%clk
01:30:14]} {[%emt 00:00:13]} 25. Qxd8+ {[%clk 01:27:14]} {[%emt 00:00:10]} Kb7
{[%clk 01:30:31]} {[%emt 00:00:20]} 26. Qxf6 {[%clk 01:27:29]} {[%emt
00:00:13]} b4 {[%clk 01:30:21]} {[%emt 00:00:41]} 27. Qe7+ {[%clk 01:27:21]}
{[%emt 00:00:37]} Kc6 {[%clk 01:30:27]} {[%emt 00:00:23]} 28. Qxb4 {[%clk
01:27:37]} {[%emt 00:00:13]} g5 {[%clk 01:30:11]} {[%emt 00:00:48]} 29. Rd1
{[%clk 01:27:09]} {[%emt 00:00:57]} Kc7 {[%clk 01:29:51]} {[%emt 00:00:50]} 30.
Nd5+ {[%emt 00:01:22]} Kc8 {[%clk 01:29:24]} {[%emt 00:00:02]} 31. Ne7+ {[%clk
01:27:24]} {[%emt 00:00:18]} Kc7 {[%clk 01:29:40]} {[%emt 00:00:14]} 32. Qc5+
{[%clk 01:27:03]} {[%emt 00:00:53]} Kb7 {[%clk 01:29:54]} {[%emt 00:00:11]} 33.
Rd7+ {[%clk 01:27:21]} {[%emt 00:00:17]} Kb8 {[%clk 01:30:04]} {[%emt
00:00:18]} 34. Qc8# {[%clk 01:27:11]} {[%emt 00:00:10]} 1-0

[Event "DVM U12w 2024"]
[Site "Bad Homburg GER"]
[Date "2024.12.29"]
[Round "5"]
[White "Scarlat-Timofte, Elena"]
[Black "Klymenko, Stefaniia"]
[Result "1-0"]
[Termination "normal"]
[Board "8.4"]
[WhiteElo "1024"]
[BlackElo "785"]
[WhiteClock "01:03:13"]
[BlackClock "00:38:31"]
[WhiteTeam "USV TU Dresden"]
[BlackTeam "SC Borussia Lichtenberg"]
[PlyCount "163"]
[WhiteFideId "34693530"]
[BlackFideId "533025959"]
[EventCountry "GER"]
[EventRounds "7"]
[EventType "team-swiss"]
[EventDate "2024.12.26"]

1. e4 {[%clk 01:30:59]} e5 {[%clk 01:30:54]} {[%emt 00:00:07]} 2. Nf3 {[%clk
01:31:17]} {[%emt 00:00:11]} Nc6 {[%clk 01:31:13]} {[%emt 00:00:11]} 3. Bc4
{[%clk 01:31:39]} {[%emt 00:00:08]} Bc5 {[%clk 01:31:36]} {[%emt 00:00:08]} 4.
d3 {[%clk 01:31:59]} {[%emt 00:00:10]} d6 {[%clk 01:31:58]} {[%emt 00:00:08]}
5. Bg5 {[%clk 01:31:34]} {[%emt 00:00:54]} Nf6 {[%clk 01:32:12]} {[%emt
00:00:16]} 6. h3 {[%clk 01:31:43]} {[%emt 00:00:22]} Be6 {[%clk 01:32:36]}
{[%emt 00:00:05]} 7. Bxe6 {[%clk 01:31:54]} {[%emt 00:00:18]} fxe6 {[%clk
01:32:56]} {[%emt 00:00:11]} 8. Nc3 {[%clk 01:31:50]} {[%emt 00:00:34]} h6
{[%clk 01:32:57]} {[%emt 00:00:29]} 9. Bd2 {[%clk 01:31:55]} {[%emt 00:00:25]}
O-O {[%clk 01:31:39]} {[%emt 00:01:48]} 10. Nh4 {[%clk 01:31:41]} {[%emt
00:00:43]} d5 {[%clk 01:30:54]} {[%emt 00:01:15]} 11. Qf3 {[%clk 01:31:17]}
{[%emt 00:00:54]} Nd4 {[%clk 01:30:26]} {[%emt 00:00:59]} 12. Qd1 {[%clk
01:31:06]} {[%emt 00:00:39]} Qe8 {[%clk 01:27:14]} {[%emt 00:03:43]} 13. Be3
{[%clk 01:31:00]} {[%emt 00:00:36]} Qf7 {[%clk 01:21:03]} {[%emt 00:06:41]} 14.
Qd2 {[%clk 01:28:40]} {[%emt 00:02:50]} Nh5 {[%clk 01:16:38]} {[%emt 00:04:55]}
15. O-O-O {[%clk 01:28:42]} {[%emt 00:00:28]} a5 {[%clk 01:14:13]} {[%emt
00:02:56]} 16. Rdg1 {[%clk 01:28:07]} {[%emt 00:01:03]} Rfb8 {[%clk 01:13:18]}
{[%emt 00:01:27]} 17. Qd1 {[%clk 01:28:09]} {[%emt 00:00:27]} b5 {[%clk
01:12:01]} {[%emt 00:01:49]} 18. exd5 {[%clk 01:25:33]} {[%emt 00:03:04]} b4
{[%clk 01:11:35]} {[%emt 00:00:57]} 19. Na4 {[%clk 01:24:57]} {[%emt 00:01:07]}
g6 {[%clk 01:10:13]} {[%emt 00:01:52]} 20. Bxh6 {[%clk 01:24:45]} {[%emt
00:00:41]} Rb5 {[%clk 01:05:32]} {[%emt 00:05:12]} 21. Qg4 {[%clk 01:24:28]}
{[%emt 00:00:40]} Kh7 {[%clk 01:03:22]} {[%emt 00:02:45]} 22. Qg5 {[%clk
01:24:16]} {[%emt 00:00:37]} Qf4+ {[%clk 00:00:00]} {[%emt 00:02:12]} 23. Qxf4
{[%clk 01:23:35]} {[%emt 00:01:19]} Nxf4 {[%clk 01:05:01]} {[%emt 00:00:28]}
24. Kd1 {[%clk 01:22:28]} {[%emt 00:01:36]} Kxh6 {[%clk 01:04:46]} {[%emt
00:00:46]} 25. Re1 {[%clk 01:22:20]} {[%emt 00:00:37]} g5 {[%clk 01:03:05]}
{[%emt 00:02:13]} 26. Nf3 {[%clk 01:22:33]} {[%emt 00:00:17]} Nxf3 {[%clk
01:03:02]} {[%emt 00:00:33]} 27. gxf3 {[%clk 01:22:52]} {[%emt 00:00:09]} Ng2
{[%clk 01:02:04]} {[%emt 00:01:30]} 28. Rxe5 {[%clk 01:21:48]} {[%emt
00:01:33]} exd5 {[%clk 00:59:12]} {[%emt 00:03:22]} 29. Rxd5 {[%clk 01:21:34]}
{[%emt 00:00:44]} c6 {[%clk 00:58:11]} {[%emt 00:01:32]} 30. Re5 {[%clk
01:21:38]} {[%emt 00:00:23]} Bxf2 {[%clk 00:58:08]} {[%emt 00:00:35]} 31. Re6+
{[%clk 01:21:53]} {[%emt 00:00:15]} Kh5 {[%clk 00:58:14]} {[%emt 00:00:25]} 32.
Rh2 {[%clk 01:21:23]} {[%emt 00:00:59]} Nf4 {[%clk 00:57:30]} {[%emt 00:01:15]}
33. Rf6 {[%clk 01:20:50]} {[%emt 00:01:00]} Bd4 {[%clk 00:56:04]} {[%emt
00:01:59]} 34. Rxc6 {[%clk 01:20:54]} {[%emt 00:00:26]} Be5 {[%clk 00:53:25]}
{[%emt 00:03:09]} 35. Rh1 {[%clk 01:20:31]} {[%emt 00:00:52]} Kh4 {[%clk
00:51:51]} {[%emt 00:02:06]} 36. Rh6+ {[%clk 01:20:36]} {[%emt 00:00:23]} Kg3
{[%clk 00:49:24]} {[%emt 00:02:58]} 37. h4 {[%clk 01:19:54]} {[%emt 00:01:10]}
Rh8 {[%clk 00:48:48]} {[%emt 00:01:08]} 38. Ra6 {[%clk 01:09:57]} {[%emt
00:10:09]} Rxh4 {[%clk 00:48:35]} {[%emt 00:01:00]} 39. Rg1+ {[%clk 01:09:52]}
{[%emt 00:00:35]} Kxf3 {[%clk 00:47:56]} {[%emt 00:01:09]} 40. c4 {[%clk
01:08:58]} {[%emt 00:01:18]} Rg4 {[%clk 00:46:46]} {[%emt 00:01:47]} 41. Rf1+
{[%clk 01:07:20]} {[%emt 00:02:07]} Kg2 {[%clk 00:45:03]} {[%emt 00:02:14]} 42.
Re1 {[%clk 01:06:53]} {[%emt 00:00:55]} Rb8 {[%clk 00:44:01]} {[%emt 00:01:34]}
43. Rxe5 {[%clk 01:07:07]} {[%emt 00:00:16]} Rd8 {[%clk 00:40:31]} {[%emt
00:04:47]} 44. Nc5 {[%clk 01:06:37]} {[%emt 00:00:13]} Nxd3 {[%clk 00:40:24]}
{[%emt 00:00:37]} 45. Re2+ {[%clk 01:06:20]} {[%emt 00:00:44]} Nf2+ {[%clk
00:39:10]} {[%emt 00:01:47]} 46. Kc2 {[%clk 01:05:12]} {[%emt 00:01:32]} Rxc4+
{[%clk 00:38:54]} {[%emt 00:00:51]} 47. Kb3 {[%clk 01:05:01]} {[%emt 00:00:41]}
Rxc5 {[%clk 00:38:52]} {[%emt 00:00:32]} 48. Rf6 {[%clk 01:05:01]} {[%emt
00:00:29]} a4+ {[%clk 00:35:25]} {[%emt 00:03:58]} 49. Kxa4 {[%clk 01:05:20]}
{[%emt 00:00:10]} b3 {[%clk 00:34:29]} {[%emt 00:01:26]} 50. Rfxf2+ {[%clk
01:04:38]} {[%emt 00:01:12]} Kg3 {[%clk 00:34:49]} {[%emt 00:00:10]} 51. Rg2+
{[%clk 01:04:58]} {[%emt 00:00:10]} Kf4 {[%clk 00:34:56]} {[%emt 00:00:24]} 52.
Rgf2 {[%clk 01:03:50]} {[%emt 00:01:37]} Kg4 {[%clk 00:35:09]} {[%emt
00:00:17]} 53. Re4 {[%clk 01:03:59]} {[%emt 00:00:14]} Kh5 {[%clk 00:35:21]}
{[%emt 00:00:26]} 54. Rh2+ {[%clk 01:04:13]} {[%emt 00:00:16]} Kg6 {[%clk
00:35:44]} {[%emt 00:00:07]} 55. Re6+ {[%clk 00:57:06]} {[%emt 00:07:36]} Kf5
{[%clk 00:35:53]} {[%emt 00:00:22]} 56. Ra6 {[%clk 00:56:14]} {[%emt 00:01:19]}
Rd4+ {[%clk 00:33:15]} {[%emt 00:03:10]} 57. Ka3 {[%clk 00:55:40]} {[%emt
00:01:01]} g4 {[%clk 00:32:52]} {[%emt 00:00:57]} 58. Rh5+ {[%clk 00:55:31]}
{[%emt 00:00:36]} Kf4 {[%clk 00:32:28]} {[%emt 00:00:57]} 59. Rxc5 {[%clk
00:55:53]} {[%emt 00:00:08]} g3 {[%clk 00:32:43]} {[%emt 00:00:14]} 60. Rf6+
{[%emt 00:00:55]} Ke3 {[%clk 00:32:27]} {[%emt 00:00:17]} 61. axb3 {[%clk
00:56:09]} {[%emt 00:00:22]} Rf4 {[%clk 00:32:03]} {[%emt 00:00:54]} 62. Rc3
{[%clk 00:56:18]} {[%emt 00:00:20]} Ke4 {[%clk 00:31:36]} {[%emt 00:00:57]} 63.
Rxf4+ {[%clk 00:56:33]} {[%emt 00:00:16]} Kxf4 {[%clk 00:31:59]} {[%emt
00:00:07]} 64. Rxg3 {[%clk 00:56:57]} {[%emt 00:00:06]} Kxg3 {[%clk 00:32:22]}
{[%emt 00:00:07]} 65. b4 {[%clk 00:57:21]} {[%emt 00:00:06]} Kf4 {[%clk
00:32:47]} {[%emt 00:00:05]} 66. Ka4 {[%clk 00:57:45]} {[%emt 00:00:06]} Ke5
{[%clk 00:33:14]} {[%emt 00:00:03]} 67. b5 {[%clk 00:57:22]} {[%emt 00:00:53]}
Kd6 {[%clk 00:33:33]} {[%emt 00:00:11]} 68. b6 {[%clk 00:57:19]} {[%emt
00:00:33]} Kc6 {[%clk 00:33:53]} {[%emt 00:00:10]} 69. Ka5 {[%clk 00:57:42]}
{[%emt 00:00:06]} Kb7 {[%clk 00:34:16]} {[%emt 00:00:07]} 70. b4 {[%clk
00:57:58]} {[%emt 00:00:14]} Kb8 {[%clk 00:34:40]} {[%emt 00:00:06]} 71. Ka6
{[%clk 00:58:04]} {[%emt 00:00:23]} Kc8 {[%clk 00:35:04]} {[%emt 00:00:07]} 72.
Ka7 {[%clk 00:58:14]} {[%emt 00:00:20]} Kd7 {[%clk 00:35:22]} {[%emt 00:00:12]}
73. b7 {[%clk 00:58:37]} {[%emt 00:00:07]} Kc7 {[%clk 00:35:45]} {[%emt
00:00:07]} 74. b8=Q {[%clk 00:58:56]} {[%emt 00:00:10]} Kd7 {[%clk 00:36:01]}
{[%emt 00:00:14]} 75. Qb6 {[%clk 00:59:06]} {[%emt 00:00:19]} Kc8 {[%clk
00:36:18]} {[%emt 00:00:14]} 76. Qb7+ {[%clk 00:59:16]} {[%emt 00:00:21]} Kd8
{[%clk 00:36:40]} {[%emt 00:00:09]} 77. Kb6 {[%clk 00:59:17]} {[%emt 00:00:27]}
Ke8 {[%clk 00:37:26]} {[%emt 00:00:56]} 78. Kc6 {[%clk 01:01:49]} {[%emt
00:00:23]} Kf8 {[%clk 00:37:34]} {[%emt 00:00:23]} 79. Kd6 {[%clk 01:02:12]}
{[%emt 00:00:07]} Kg8 {[%clk 00:37:50]} {[%emt 00:00:14]} 80. Ke6 {[%clk
01:02:34]} {[%emt 00:00:08]} Kh8 {[%clk 00:38:13]} {[%emt 00:00:07]} 81. Kf6
{[%clk 01:02:50]} {[%emt 00:00:13]} Kg8 {[%clk 00:38:31]} {[%emt 00:00:13]} 82.
Qg7# {[%clk 01:03:13]} {[%emt 00:00:06]} 1-0

[Event "DVM U12w 2024"]
[Site "Bad Homburg GER"]
[Date "2024.12.29"]
[Round "5"]
[White "Schindler, Amilia"]
[Black "Nehrukumar, Rithika"]
[Result "0-1"]
[Termination "normal"]
[Board "9.2"]
[WhiteElo "790"]
[BlackElo "1147"]
[WhiteClock "01:24:17"]
[BlackClock "01:09:50"]
[WhiteTeam "SV Mülheim-Nord 1931"]
[BlackTeam "SK Freiburg-Zähringen 1887"]
[PlyCount "76"]
[WhiteFideId "533018782"]
[BlackFideId "34660550"]
[EventCountry "GER"]
[EventRounds "7"]
[EventType "team-swiss"]
[EventDate "2024.12.26"]

1. e4 {[%clk 01:30:58]} {[%emt 00:00:02]} e5 {[%clk 01:30:56]} {[%emt
00:00:04]} 2. Nf3 {[%clk 01:31:20]} {[%emt 00:00:08]} Nc6 {[%clk 01:31:22]}
{[%emt 00:00:04]} 3. Bc4 {[%clk 01:31:43]} {[%emt 00:00:06]} Bc5 {[%clk
01:31:45]} {[%emt 00:00:07]} 4. Nc3 {[%clk 01:32:00]} {[%emt 00:00:12]} d6
{[%clk 01:29:57]} {[%emt 00:02:19]} 5. h3 {[%clk 01:32:12]} {[%emt 00:00:17]}
h6 {[%clk 01:30:13]} {[%emt 00:00:14]} 6. O-O {[%clk 01:32:34]} {[%emt
00:00:08]} Nf6 {[%clk 01:30:35]} {[%emt 00:00:09]} 7. d3 {[%clk 01:32:55]}
{[%emt 00:00:10]} O-O {[%clk 01:30:54]} {[%emt 00:00:10]} 8. Be3 {[%emt
00:02:07]} Bb6 9. d4 {[%clk 01:32:29]} Nxe4 {[%clk 01:25:21]} {[%emt 00:05:51]}
10. d5 {[%clk 01:32:13]} {[%emt 00:00:46]} Nxc3 {[%clk 01:24:12]} {[%emt
00:01:38]} 11. bxc3 {[%clk 01:32:33]} {[%emt 00:00:11]} Ne7 {[%clk 01:24:25]}
{[%emt 00:00:16]} 12. Qd3 {[%clk 01:32:16]} {[%emt 00:00:48]} Bf5 {[%clk
01:24:21]} {[%emt 00:00:34]} 13. Qd2 {[%clk 01:32:25]} {[%emt 00:00:21]} Bxe3
{[%clk 01:22:00]} {[%emt 00:02:51]} 14. fxe3 {[%clk 01:32:35]} {[%emt
00:00:21]} Qd7 {[%clk 01:21:16]} {[%emt 00:01:14]} 15. Nh4 {[%clk 01:31:18]}
{[%emt 00:01:47]} Bh7 {[%clk 01:19:02]} {[%emt 00:02:44]} 16. Rf3 {[%clk
01:30:54]} {[%emt 00:00:53]} Qa4 {[%clk 01:18:59]} {[%emt 00:00:33]} 17. Bb3
{[%clk 01:30:58]} {[%emt 00:00:27]} Qxh4 {[%clk 01:19:22]} {[%emt 00:00:07]}
18. Raf1 {[%clk 01:30:17]} {[%emt 00:01:08]} Qg5 {[%clk 01:18:08]} {[%emt
00:01:46]} 19. Qf2 {[%clk 01:30:11]} {[%emt 00:00:36]} Bg6 {[%clk 01:15:03]}
{[%emt 00:03:35]} 20. Rg3 {[%clk 01:30:06]} {[%emt 00:00:36]} Qf5 {[%clk
01:13:49]} {[%emt 00:01:44]} 21. Qd2 {[%clk 01:26:57]} {[%emt 00:03:39]} Qd7
{[%clk 01:09:25]} {[%emt 00:04:54]} 22. e4 {[%clk 01:26:58]} {[%emt 00:00:29]}
f5 {[%clk 01:09:11]} {[%emt 00:00:43]} 23. exf5 {[%clk 01:26:44]} {[%emt
00:00:45]} Nxf5 {[%clk 01:09:33]} {[%emt 00:00:09]} 24. Rxg6 {[%clk 01:26:50]}
{[%emt 00:00:24]} Kh7 {[%clk 01:08:47]} {[%emt 00:01:16]} 25. Rg4 {[%clk
01:25:08]} {[%emt 00:01:50]} Qb5 {[%clk 01:08:54]} {[%emt 00:00:43]} 26. c4
{[%clk 01:25:05]} {[%emt 00:00:34]} Qb6+ {[%clk 01:09:10]} {[%emt 00:00:15]}
27. Rf2 {[%clk 01:24:58]} {[%emt 00:00:36]} Ne3 {[%clk 01:09:14]} {[%emt
00:00:26]} 28. Qd3+ {[%clk 01:24:56]} {[%emt 00:00:32]} Kg8 {[%clk 01:08:36]}
{[%emt 00:01:08]} 29. Re4 {[%clk 01:24:25]} {[%emt 00:00:59]} Ng4 {[%clk
01:07:39]} {[%emt 00:01:29]} 30. Ree2 {[%clk 01:23:52]} {[%emt 00:01:02]} Nxf2
{[%clk 01:07:58]} {[%emt 00:00:11]} 31. c3 {[%clk 01:23:47]} {[%emt 00:00:36]}
Nxd3+ {[%clk 01:08:20]} {[%emt 00:00:08]} 32. Kh2 {[%clk 01:23:15]} {[%emt
00:02:14]} Nf4 {[%clk 01:09:15]} {[%emt 00:01:12]} 33. Re4 {[%clk 01:23:23]}
{[%emt 00:00:22]} Qf2 {[%clk 01:08:58]} {[%emt 00:00:47]} 34. Rxf4 {[%clk
01:23:20]} {[%emt 00:00:33]} Qxf4+ {[%clk 01:08:25]} {[%emt 00:01:03]} 35. Kh1
{[%clk 01:23:37]} {[%emt 00:00:13]} Qc1+ {[%clk 01:08:51]} {[%emt 00:00:04]}
36. Kh2 {[%clk 01:23:56]} {[%emt 00:00:12]} Rf1 {[%clk 01:09:03]} {[%emt
00:00:18]} 37. a4 {[%clk 01:23:55]} {[%emt 00:00:32]} Qf4+ {[%clk 01:09:24]}
{[%emt 00:00:08]} 38. g3 {[%clk 01:24:17]} {[%emt 00:00:09]} Qf2# {[%clk
01:09:50]} {[%emt 00:00:03]} 0-1

[Event "DVM U12w 2024"]
[Site "Bad Homburg GER"]
[Date "2024.12.29"]
[Round "5"]
[White "Haas, Valentina"]
[Black "Schindler, Mailin"]
[Result "1/2-1/2"]
[Termination "normal"]
[Board "9.3"]
[WhiteElo "974"]
[BlackElo "884"]
[WhiteClock "01:33:34"]
[BlackClock "01:34:50"]
[WhiteTeam "SK Freiburg-Zähringen 1887"]
[BlackTeam "SV Mülheim-Nord 1931"]
[PlyCount "89"]
[WhiteFideId "34660461"]
[EventCountry "GER"]
[EventRounds "7"]
[EventType "team-swiss"]
[EventDate "2024.12.26"]

1. e4 {[%clk 01:30:58]} {[%emt 00:00:02]} e5 {[%clk 01:30:54]} {[%emt
00:00:06]} 2. Nc3 {[%clk 01:31:20]} {[%emt 00:00:06]} Nc6 {[%clk 01:31:15]}
{[%emt 00:00:10]} 3. Bc4 {[%clk 01:31:42]} {[%emt 00:00:08]} Nf6 {[%clk
01:31:33]} {[%emt 00:00:13]} 4. d3 {[%clk 01:32:01]} {[%emt 00:00:11]} Bc5
{[%clk 01:31:50]} {[%emt 00:00:10]} 5. f4 {[%clk 01:32:18]} {[%emt 00:00:16]}
exf4 {[%clk 01:32:01]} {[%emt 00:00:19]} 6. Bxf4 {[%clk 01:32:39]} {[%emt
00:00:09]} d6 {[%clk 01:32:21]} {[%emt 00:00:10]} 7. Nf3 {[%clk 01:32:55]}
{[%emt 00:00:13]} Bg4 {[%clk 01:32:40]} {[%emt 00:00:12]} 8. h3 {[%clk
01:33:06]} {[%emt 00:00:19]} Bh5 {[%clk 01:32:59]} {[%emt 00:00:10]} 9. g4
{[%clk 01:33:25]} {[%emt 00:00:10]} Bg6 {[%clk 01:33:14]} {[%emt 00:00:16]} 10.
Qd2 {[%clk 01:33:31]} {[%emt 00:00:24]} h6 {[%clk 01:33:21]} {[%emt 00:00:23]}
11. Na4 {[%clk 01:33:36]} {[%emt 00:00:24]} Bb4 {[%clk 01:33:41]} {[%emt
00:00:11]} 12. c3 {[%clk 01:33:46]} {[%emt 00:00:20]} Bc5 {[%clk 01:34:01]}
{[%emt 00:00:11]} 13. d4 {[%clk 01:33:53]} {[%emt 00:00:23]} Bb6 {[%clk
01:34:18]} {[%emt 00:00:13]} 14. Nxb6 {[%clk 01:33:30]} {[%emt 00:00:52]} cxb6
{[%clk 01:34:42]} {[%emt 00:00:06]} 15. Bd3 {[%clk 01:33:14]} {[%emt 00:00:47]}
O-O {[%clk 01:34:56]} {[%emt 00:00:16]} 16. O-O-O {[%clk 01:32:57]} {[%emt
00:00:46]} Re8 {[%clk 01:35:09]} {[%emt 00:00:17]} 17. Rde1 {[%clk 01:29:48]}
{[%emt 00:03:40]} Rc8 {[%clk 01:34:54]} {[%emt 00:00:44]} 18. a3 {[%clk
01:29:57]} {[%emt 00:00:21]} Nxe4 {[%clk 01:34:52]} {[%emt 00:00:32]} 19. Bxe4
{[%clk 01:30:00]} {[%emt 00:00:27]} Bxe4 {[%clk 01:35:13]} {[%emt 00:00:09]}
20. Qf2 {[%clk 01:29:40]} {[%emt 00:00:51]} Bxf3 {[%clk 01:35:24]} {[%emt
00:00:20]} 21. Qxf3 {[%clk 01:30:01]} {[%emt 00:00:09]} Rxe1+ {[%clk 01:35:40]}
{[%emt 00:00:13]} 22. Rxe1 {[%clk 01:30:25]} {[%emt 00:00:06]} Nxd4 {[%clk
01:35:57]} {[%emt 00:00:14]} 23. Qxb7 {[%clk 01:30:26]} {[%emt 00:00:28]} Nb3+
{[%clk 01:36:11]} {[%emt 00:00:16]} 24. Kb1 {[%clk 01:30:04]} {[%emt 00:00:51]}
Rc7 {[%clk 01:35:55]} {[%emt 00:00:47]} 25. Qd5 {[%clk 01:30:06]} {[%emt
00:00:26]} Nc5 {[%clk 01:35:57]} {[%emt 00:00:30]} 26. Bxd6 {[%clk 01:30:21]}
{[%emt 00:00:14]} Rd7 {[%clk 01:36:14]} {[%emt 00:00:14]} 27. Rd1 {[%clk
01:30:15]} {[%emt 00:00:35]} Nb7 {[%clk 01:35:33]} {[%emt 00:01:11]} 28. Kc2
{[%clk 01:30:01]} {[%emt 00:00:45]} Rxd6 {[%clk 01:35:26]} {[%emt 00:00:38]}
29. Qf3 {[%clk 01:30:04]} {[%emt 00:00:26]} Nc5 {[%clk 01:35:16]} {[%emt
00:00:40]} 30. Rxd6 {[%clk 01:29:45]} {[%emt 00:00:49]} Qxd6 {[%clk 01:35:38]}
{[%emt 00:00:08]} 31. Qa8+ {[%clk 01:30:10]} {[%emt 00:00:05]} Kh7 {[%clk
01:35:58]} {[%emt 00:00:11]} 32. Qf3 {[%clk 01:30:03]} {[%emt 00:00:36]} Qg6+
{[%clk 01:35:55]} {[%emt 00:00:34]} 33. Kd1 {[%clk 01:30:04]} {[%emt 00:00:28]}
Qb1+ {[%clk 01:35:37]} {[%emt 00:00:48]} 34. Ke2 {[%clk 01:30:13]} {[%emt
00:00:20]} Qxb2+ {[%clk 01:35:56]} {[%emt 00:00:13]} 35. Kf1 {[%clk 01:30:26]}
{[%emt 00:00:17]} Qa1+ {[%clk 01:36:04]} {[%emt 00:00:22]} 36. Kg2 {[%clk
01:30:45]} {[%emt 00:00:11]} Qxa3 {[%clk 01:36:08]} {[%emt 00:00:26]} 37. Qf5+
{[%clk 01:30:58]} {[%emt 00:00:16]} Kg8 {[%clk 01:35:30]} {[%emt 00:01:09]} 38.
Qc8+ {[%clk 01:31:17]} {[%emt 00:00:11]} Kh7 {[%clk 01:35:53]} {[%emt
00:00:08]} 39. Qf5+ {[%clk 01:31:36]} {[%emt 00:00:10]} Kh8 {[%clk 01:35:39]}
{[%emt 00:00:43]} 40. Qc8+ {[%clk 01:31:59]} {[%emt 00:00:08]} Kh7 {[%clk
01:35:56]} {[%emt 00:00:13]} 41. Qf5+ {[%clk 01:32:21]} {[%emt 00:00:07]} Kg8
{[%clk 01:35:14]} {[%emt 00:01:13]} 42. Qc8+ {[%clk 01:32:39]} {[%emt
00:00:11]} Kh7 {[%clk 01:35:18]} {[%emt 00:00:26]} 43. Qf5+ {[%clk 01:33:00]}
{[%emt 00:00:09]} Kh8 {[%clk 01:34:58]} {[%emt 00:00:50]} 44. Qc8+ {[%clk
01:33:13]} {[%emt 00:00:09]} Kh7 {[%clk 01:34:50]} {[%emt 00:00:45]} 45. Qf5+
{[%clk 01:33:34]} {[%emt 00:00:09]} 1/2-1/2